Statistiche per Tutti gli Stati che hanno controllato Fiume

Clicka qui per fare il quiz!

Statistiche generali

  • Questo quiz è stato fatto 15 volte
    (5 dall'ultimo reset)
  • Il punteggio medio è 11 su 25

Statistiche sulle risposte

Risposta% Corretto
Impero Austro-Ungarico
100%
Impero Romano
75%
Regno d'Italia
75%
Repubblica Croata
75%
Repubblica Socialista Federale di Jugoslavia
75%
Stato libero di Fiume
75%
Terzo Reich
75%
Arciducato d'Austria
50%
Impero Romano d'Occidente
50%
Reggenza Italiana di Carnaro
50%
Repubblica Romana
50%
Ducato di Croazia
25%
Impero Austriaco
25%
Impero Austriaco
25%
Impero Bizantino
25%
Impero Carolingio
25%
Primo Impero Francese
25%
Regno dei Franchi
25%
Regno dei Serbi, Croati e Sloveni
25%
Regno di Croazia
25%
Regno di Odoacre
25%
Regno di Ungheria
25%
Regno Ostrogoto
25%
Sacro Romano Impero
25%
Stato dei Serbi, Croati, Sloveni
25%

Distribuzione punteggi

Percentile per numero di risposta

Percentuale di utenti per punteggio

I tuoi punteggi nel tempo

Non hai fatto questo quiz dall'ultimo reset